[Event "Ruhrgebiet VK3 1213"]
[Site "Nordrheinwestfalen"]
[Date "2012.10.28"]
[Round "3"]
[White "Kotter, Michael"]
[Black "Schaefer, Johannes"]
[Result "1-0"]
[WhiteElo "1865"]
[BlackElo "1433"]
[PlyCount "45"]
[EventDate "2012.09.02"]
[EventType "team-tourn"]
[EventRounds "9"]
[EventCountry "GER"]
[SourceTitle "EXT 2020"]
[Source "ChessBase"]
[SourceDate "2019.10.17"]
[SourceVersion "1"]
[SourceVersionDate "2019.10.17"]
[SourceQuality "1"]
[WhiteTeam "Horst Emscher II"]
[BlackTeam "Essen Ueberruhr"]
[WhiteTeamCountry "GER"]
[BlackTeamCountry "GER"]

1. Nc3 g6 2. e4 Bg7 3. d4 d6 4. Be3 Nc6 5. Bc4 e5 6. Nge2 f5 7. dxe5 Nxe5 8. Bb3 Nf6 9. Ng3 fxe4 10. Ncxe4 Nxe4 11. Nxe4 Bf5 12. Bg5 Qd7 13. Nf6+ Bxf6 14. Bxf6 Rf8 15. Bxe5 dxe5 16. Qxd7+ Bxd7 17. 0-0 0-0-0 18. Rfe1 Rf5 19. Rad1 Re8 20. Bd5 Be6 21. Bf3 Rd8 22. Bxb7+ Kxb7 23. Rxd8 1-0